00519nam a2200193 a 4500001001300000003000900013005001700022008004100039020000800080082001900088100002000107245006400127260004700191300001000238500003500248505001000283650001500293650001700308nice12345678IN_TiNIC20260116013133.0050524s1994 newa grp 000 0 eng  ac900a305.40955bAFK aAfkhami, Mahnaz aIn the Eye of the Stormb Women in Post-Revolutionary Iran. aNew YorkbSyracuse University Press c1994 a227p. aincludes index and biblioraphy2 aIndex aWomen-Iran aMuslim Women